000 01448nam a2200337 i 4500
003 EG-GICUC
005 20260124041115.0
008 260124s1997 ua ||||fr|||| 00| 0 ara d
017 _a٨٦١٥ / ٩٧
040 _a EG-GICUC
_bara
_c EG-GICUC
_d EG-GICUC
_erda
041 0 _aara
082 0 4 _221
_a345.661
_bم ح . و
092 0 4 _221
099 _aLaw1 07 345.661 م ح . و 2007
100 0 _aمحمد فؤاد عبد الباسط
_eمؤلف.
245 1 0 _aوقف تنفيذ القرار الإداري :
_bالطابع الإستثنائي لنظام الوقف، محل الوقف وشروطه، حكم الوقف /
_cالدكتور محمد فؤاد عبد الباسط.
250 _aطبعة مزيدة منقحة
264 1 _aالإسكندرية :
_bدار الفكر الجامعي،
_c2007.
300 _a1131 صفحة؛
_c24 سم.
_bإيضاحيات، صور، مثيليات ؛
336 _2rda content
_atext
337 _2rda media
_aComputer
338 _2rda carrier
_aOnline Resource
504 _aيشتمل على إرجاعات ببليوجرافية.
546 _aالنص أغلبه باللغة العربية مع بعض النصوص الفرنسية
650 1 4 _aوقف تنفيذ القرار الإداري
_2qrmak
650 1 4 _aالقانون الإداري
_2qrmak
651 1 _2qrmak
856 4 0 _uhttps://fll.law.cu.edu.eg/fulltext/bks/B07-02181.pdf
905 _a32
942 _2ddc
_cBK
_e21
_n0
999 _c58829
_d58829